Agenda d'activitats : gener-març 2013 gener-març 2013
Descripción Física:
31 pàgs. ; il. col. ; 21 x 15 cm.
Materias:
Barcelona (Catalunya : Província). -- Xarxa de Museus Locals -- Activitats culturals
; Museus -- Barcelona (Província) -- Activitats culturals
Idioma:
Catalán
MARC
| LEADER | 00000nam a22000007a 4500 | ||
|---|---|---|---|
| 001 | 27033 | ||
| 003 | Arxiu | ||
| 005 | 20260324181145.0 | ||
| 008 | 221123b spa||||| |||| 00| 0 cat d | ||
| 017 | |a B 30880-2012 | ||
| 040 | |a agdb |b cat | ||
| 041 | |a cat | ||
| 110 | 1 | |a Barcelona (Catalunya : Província). |b Xarxa de Museus Locals |9 52963 | |
| 245 | |a Agenda d'activitats : |b gener-març 2013 | ||
| 260 | |a Barcelona : |b Diputació de Barcelona. Gerència de Serveis de Cultura ; |c 2012 | ||
| 300 | |a 31 pàgs. ; |b il. col. ; |c 21 x 15 cm. | ||
| 610 | 1 | 0 | |a Barcelona (Catalunya : Província). |b Xarxa de Museus Locals |x Activitats culturals |9 55919 |
| 650 | 0 | |2 Arxiu |9 20516 |a Museus |x Barcelona (Província) |x Activitats culturals | |
| 710 | 1 | |9 51915 |a Barcelona (Catalunya : Província). |b Gerència de Serveis d'Esports | |
| 942 | |2 udc |c ARXIU |n 1 | ||
| 952 | |0 0 |1 0 |2 udc |4 0 |6 FU7368 |7 1 |9 64344 |a Arxiu |b Arxiu |d 2022-11-23 |l 0 |o FU-73-68 |p 27033 |r 2022-11-23 00:00:00 |w 2022-11-23 |y ARXIU | ||
| 999 | |c 82780 |d 82780 | ||